000 00426nam a2200205Ia 4500
001 12735
003 GE_BSU
008 181216s||||||||xx |||||||||||||| ||und||
020 _a9780330352253
040 _cGE_BSU
080 _a821.111-32
100 _aFrancis,Dick
245 _aTo the Hilt
260 _aLondon
260 _bPan books
260 _c1996
300 _a393p.18cm.
653 _aTo the Hilt
942 _cBK
999 _c45906
_d45906